| 000 | 00731nam a2200229 a 4500 | ||
|---|---|---|---|
| 999 |
_c10576 _d10576 |
||
| 001 | 10576 | ||
| 003 | BD-JhCC | ||
| 005 | 20180723122152.0 | ||
| 008 | 180723s19762012bg |||| |||| 000 0 ben d | ||
| 020 | _a9844600358 | ||
| 035 | _a(BD-JhCC)10576 | ||
| 040 |
_aBD-JhCC _dBD-JhCC |
||
| 041 | _aben | ||
| 082 |
_a891.4415 _bUDD 2017 |
||
| 100 |
_aউদ্দীন, জসীম _qপল্লীকবি |
||
| 245 |
_aমাগো জ্বালায়ে রাখিস আলো / _cজসীম উদ্দীন |
||
| 260 |
_aঢাকা : _bপলাশ, _c২০১৭. |
||
| 300 |
_a৬৩ পৃ. : _c২১ সেমি. |
||
| 650 | _aবাংলা কবিতা | ||
| 650 | _aBengali Poem | ||
| 942 |
_2ddc _cBK |
||